000 00494nam a2200193Ia 4500
003 OSt
005 20250306122741.0
008 210210b1977 xxu||||| |||| 00| 0 eng d
040 _cAL
041 _aKannada
082 _ak894.3 SANK
100 _aSANJIVA (Pa).
_dಸಂಜೀವ (ಪಾ)
_9204637
245 _aKshobhe.
_bಕ್ಷೋಭೆ
260 _aBengaluru
_bPampakshi Prakashana
_c1977
300 _a156
690 _aKannada Fiction
_9204638
906 _a033105
942 _2ddc
_cBK
999 _c83853
_d83853